| 000 | 00320nam a2200121Ia 4500 | ||
|---|---|---|---|
| 008 | 230907s9999||||xx |||||||||||||| ||und|| | ||
| 082 |
_a541.394 _bRAY |
||
| 100 |
_aRay, Hem Shanker. _9115255 |
||
| 245 | 0 | _aKinetics of metallurgical reactions/ | |
| 260 |
_aOxford _bNew Delhi _c1993 |
||
| 300 | _axx, 287p.: | ||
| 942 | _cBK | ||
| 999 |
_c597960 _d597960 |
||